000
00313nam a22001337a 4500
008
170704b xxu||||| |||| 00| 0 eng d
020
_a
9780393930573
041
_a
eng
080
_2
7TH
_a
82
100
_a
22
101
_a
GJL
245
_a
THE NORTON ANTHOLOGY OF AMERICAN LITERATURE
_c
BAYM,N
942
_2
udc
_c
BK
999
_c
19904
_d
19904